Fortnite POIs by picture (HARD) - Statistics

General Stats
  • This quiz has been taken 807 times
  • The average score is 22 of 42
Answer Stats
Picture Answer % Correct
Dusty Depot
90%
Pleasant Park
85%
Retail Row
84%
Loot Lake
82%
Greasy Grove
81%
Flush Factory
80%
Fatal Fields
74%
Salty Springs
73%
Anarchy Acres
72%
Haunted Hills
72%
Wailing Woods
71%
Tilted Towers
70%
Shifty Shafts
69%
Tomato Town
69%
Paradise Palms
68%
Prison
68%
Lucky Landing
67%
Risky Reels
65%
Lonely Lodge
64%
Motel
63%
Dusty Divot
62%
The Block
57%
Moisty Mire
56%
Lazy Links
53%
Snobby Shores
42%
Frosty Flights
41%
Happy Hamlet
37%
Junk Junction
37%
Neo Tilted
36%
Polar Peak
36%
Mega Mall
32%
Volcano
32%
Viking Village
30%
Lazy Lagoon
28%
Gotham City
27%
Sunny Steps
27%
Tilted Town
20%
Floating Island
18%
Pressure Plant
17%
Moisty Palms
15%
Starry Suburbs
15%
Pandora
8%
No matching quizzes found
Score Distribution
Percent of People with Each Score
Percentile by Number Answered
Your Score History
You have not taken this quiz